| 000 | 00483cam a2200193 4500 | ||
|---|---|---|---|
| 008 | 090401t1991 xxu||||| |||| 00| 0 eng d | ||
| 020 | _a0117524328 | ||
| 035 | _a(Sirsi) u49267 | ||
| 041 | _aeng | ||
| 110 |
_aUnited Kingdom _bDepartment of the Environment _9982 |
||
| 245 | _aPlanning and affordable housing | ||
| 260 |
_bHMSO _c1991 |
||
| 300 | _a5p | ||
| 350 | _a1.5 | ||
| 490 |
_aDoE Circular _v7/91 10 May 1991 |
||
| 690 | _aHOUSING | ||
| 942 | _n0 | ||
| 948 | _c04/03/1997 | ||
| 999 |
_c92539 _d92539 |
||